000 00572nam a2200205 a 4500
001 17606
003 CO-ViMGA
008 141112s2004 ck r 000 u spa d
020 _a8489163782
040 _aCO-ViMGA
_bspa
_cCO-ViMGA
082 0 4 _a852.8 P471s
100 1 _aPirandello, Luigi
_950141
245 1 0 _aSeis personajes en busca de autor
260 _aMadríd (España),
_cIntegra,
_c1999
300 _a153.p.
590 _aForma de adquisición : Premio - Mincultura
650 1 4 _aHUMOR EN EL TEATRO
_924944
650 1 4 _aTEATRO ITALIANO
_924945
942 _2ddc
_cBK
999 _c6653
_d6653